000 00684nam a2200289Ia 4500
005 20260324131015.0
008 008 260324s9999 xx 000 0 eng d
020 _a9780203028032
037 _aEBOOK
040 _aCRL
040 _beng
040 _cCRL
041 _2eng
041 _aeng
084 _qCRL
100 _aSohrab Behdad; Farhad Nomani
_91183866
245 0 _aIslam and the Everyday World
245 0 _bPublic Policy Dilemmas
260 _bTaylor and Francis
260 _c2006
365 _a
365 _b240
856 _uhttp://www.taylorfrancis.com/books/9780203028032
942 _cEBOOK
999 _c1780650
_d1780650